Das arabische Märchen vom Doctor und Garkoch. Herausgegeben, übersetzt und in seinem litterarischen Zusammenhange beleuchtet

محفوظ في:

المؤلف الرئيسي: H. TH. NÖLDEKE. rn..

التنسيق: كتاب

اللغة: Undetermined

منشور في: not identified not identified 1891

الوسوم: إضافة وسم

لا توجد وسوم, كن أول من يضع وسما على هذه التسجيلة!

رقم الطلب: (R)P41 NOLD

LEADER 00440nam a2200121Ia 4500
008 240404s9999||||xx |||||||||||||| ||und||
050 4 |a (R)P41 NOLD 
100 1 |a H. TH. NÖLDEKE. rn.. 
245 1 0 |a Das arabische Märchen vom Doctor und Garkoch. Herausgegeben, übersetzt und in seinem litterarischen Zusammenhange beleuchtet  |c H. TH. NÖLDEKE. rn. 
264 1 |a not identified  |b not identified  |c 1891 
300 |a 54  |c 29 
942 |2 lcc  |c BK 
999 |c 58054  |d 58054